Political and Constitutional Development in Pakistan: (Record no. 540437)
[ view plain ]
| 000 -LEADER | |
|---|---|
| fixed length control field | 00633nam a22001697a 4500 |
| 020 ## - INTERNATIONAL STANDARD BOOK NUMBER | |
| Qualifying information | Hard Cover. |
| 082 ## - DEWEY DECIMAL CLASSIFICATION NUMBER | |
| Classification number | 004 |
| 100 ## - MAIN ENTRY--PERSONAL NAME | |
| Personal name | Mukhtar, Hamid ; Hassan, Ahmed ; Mohammad, Asif Khan and Mohammad, Imran Khan. |
| 245 ## - TITLE STATEMENT | |
| Title | Political and Constitutional Development in Pakistan: |
| Remainder of title | 1947-1958 / |
| Statement of responsibility, etc. | Hamid Mukhtar. |
| 260 ## - PUBLICATION, DISTRIBUTION, ETC. | |
| Place of publication, distribution, etc. | Islamabad: |
| Name of publisher, distributor, etc. | SEECS - NUST, |
| Date of publication, distribution, etc. | 2003. |
| 300 ## - PHYSICAL DESCRIPTION | |
| Extent | 98 p. : |
| Other physical details | ill. ; |
| Dimensions | 30cm. |
| 650 ## - SUBJECT ADDED ENTRY--TOPICAL TERM | |
| Topical term or geographic name entry element | Information Technology BS-Project Report. |
| 700 ## - ADDED ENTRY--PERSONAL NAME | |
| Personal name | Dr. Shoaib |
| 856 ## - Uniform Resource Identifier | |
| Uniform Resource Identifier | <a href=" http://10.250.8.41:8080/xmlui/handle/123456789/29222"> http://10.250.8.41:8080/xmlui/handle/123456789/29222</a> |
| 942 ## - ADDED ENTRY ELEMENTS (KOHA) | |
| Source of classification or shelving scheme | |
| Koha item type | Project Report |
| 650 ## - SUBJECT ADDED ENTRY--TOPICAL TERM | |
| -- | 34466 |
| Withdrawn status | Lost status | Source of classification or shelving scheme | Damaged status | Not for loan | Permanent Location | Current Location | Shelving location | Date acquired | Full call number | Barcode | Date last seen | Price effective from | Koha item type |
|---|---|---|---|---|---|---|---|---|---|---|---|---|---|
| WITHDRAWN | Central Library (CL) | Central Library (CL) | Thesis | 10/23/2020 | 004 | CL-BP-624 | 10/23/2020 | 10/23/2020 | Project Report |
